Rethinking sociological theory: (Record no. 102118)
[ view plain ]
| 000 -LEADER | |
|---|---|
| fixed length control field | 00841nam a22002297a 4500 |
| 005 - DATE AND TIME OF LATEST TRANSACTION | |
| control field | 20170310114326.0 |
| 010 ## - LCCN (DPL NO) | |
| LC control number | 1617EN ENG-117166 |
| 020 ## - INTERNATIONAL STANDARD BOOK NUMBER | |
| International Standard Book Number | 9781138678958 |
| Terms of availability | 895.00 |
| 035 ## - SYSTEM CONTROL NUMBER | |
| System control number | B-650064-070 |
| 035 ## - SYSTEM CONTROL NUMBER | |
| System control number | EN-100698 |
| 037 ## - SOURCE OF ACQUISITION | |
| Stock number | DPL |
| Source of stock number/acquisition | UPPAL |
| 037 ## - SOURCE OF ACQUISITION | |
| Source of stock number/acquisition | DBAD/PUB |
| 082 ## - DEWEY DECIMAL CLASSIFICATION NUMBER | |
| Classification number | 301 |
| 100 ## - MAIN ENTRY--PERSONAL NAME | |
| Personal name | Sanderson, Staphen K. |
| 245 ## - TITLE STATEMENT | |
| Title | Rethinking sociological theory: |
| Statement of responsibility, etc | by Staphen K. Sanderson |
| Remainder of title | introducing and explaining a scientific theoretical sociology / |
| 260 ## - PUBLICATION, DISTRIBUTION, ETC. (IMPRINT) | |
| Place of publication, distribution, etc | New York |
| Name of publisher, distributor, etc | Routledge |
| Date of publication, distribution, etc | 2016 |
| 270 ## - ADDRESS | |
| Address | 711 third avenue |
| City | New York |
| Postal code | NY 10017 |
| 300 ## - PHYSICAL DESCRIPTION | |
| Extent | xix,267p. |
| Dimensions | 24cm(pbk) |
| 500 ## - GENERAL NOTE | |
| General note | inculdes index |
| 942 ## - ADDED ENTRY ELEMENTS (KOHA) | |
| Source of classification or shelving scheme | Dewey Decimal Classification |
| Item type | English Books |
| Classification part | 301 |
| Call number suffix | SAN |
| Withdrawn status | Lost status | Not for loan | Collection code | Home library | Current library | Date acquired | Source of acquisition | Cost, normal purchase price | Full call number | Barcode | Copy number | Cost, replacement price | Koha item type |
|---|---|---|---|---|---|---|---|---|---|---|---|---|---|
| Non-fiction | Bawana | Bawana | 10/03/2017 | BPPD/EN/2016-17/307/24.11.2016/13892/5.12.2013/2.1.2017 | 895.00 | 301 SAN | B-650069 | 1 | 895.00 | English Books | |||
| Non-fiction | Central Library | Central Library | 10/03/2017 | BPPD/EN/2016-17/307/24.11.2016/13892/5.12.2013/2.1.2017 | 895.00 | 301 SAN | B-650064 | 1 | 895.00 | English Books | |||
| Non-fiction | Karol Bagh | Karol Bagh | 10/03/2017 | BPPD/EN/2016-17/307/24.11.2016/13892/5.12.2013/2.1.2017 | 895.00 | 301 SAN | B-650067 | 1 | 895.00 | English Books | |||
| Non-fiction | Narela | Narela | 10/03/2017 | BPPD/EN/2016-17/307/24.11.2016/13892/5.12.2013/2.1.2017 | 895.00 | 301 SAN | B-650068 | 1 | 895.00 | English Books | |||
| Non-fiction | Patel Nagar | Patel Nagar | 10/03/2017 | BPPD/EN/2016-17/307/24.11.2016/13892/5.12.2013/2.1.2017 | 895.00 | 301 SAN | B-650065 | 1 | 895.00 | English Books | |||
| Non-fiction | Sarojini Nagar | Sarojini Nagar | 10/03/2017 | BPPD/EN/2016-17/307/24.11.2016/13892/5.12.2013/2.1.2017 | 895.00 | 301 SAN | B-650066 | 1 | 895.00 | English Books | |||
| Non-fiction | Shahdara Branch | Shahdara Branch | 24/01/2017 | DBAD/PUB | 895.00 | 301 SAN | EN-100698 | 1 | 895.00 | English Books | |||
| Non-fiction | Shahdara Branch | Shahdara Branch | 10/03/2017 | BPPD/EN/2016-17/307/24.11.2016/13892/5.12.2013/2.1.2017 | 895.00 | 301 SAN | B-650070 | 1 | 895.00 | English Books |
